| 000 | 00460nam a22001457a 4500 | ||
|---|---|---|---|
| 005 | 20180806153237.0 | ||
| 020 |
_a8177080083 _c380.00 |
||
| 035 | _aB-058856, B-058858 | ||
| 037 |
_aDPL _bENG |
||
| 245 |
_aIndia : Labour and employment scenario in the 21st century / _cedited by V.S. Jafa |
||
| 260 |
_aDelhi _bNew Century Publications _c2001 |
||
| 300 |
_axi, 211p. _c20 cms. |
||
| 700 |
_aJafa, V.S. _946548 |
||
| 942 |
_2ddc _cEN _h331.0954 _mIND |
||
| 999 |
_c66285 _d66285 |
||